000 00412nam a2200169Ia 4500
003 GCL
008 140319s9999 xx 000 0 eng d
040 _aGCL /
_cGCL
082 0 4 _a658.11
_bC M
100 1 _aCHATTELL, ALF
245 1 0 _aMANAGING FOR THE FUTURE /
_cCHATTELL, ALF
260 _a[S.N] :
_bMACMILLAN ،
_c1995
300 _a236 P
650 0 4 _aMANAGEMENT
650 0 4 _aBUSINESS
942 _2ddc
_cBK
999 _c24304
_d24304